Statistics for George Washington... or George W. Bush?

Click here to take the quiz!

General Stats

  • This quiz has been taken 10,061 times
    (10,035 since last reset)
  • The average score is 9 of 15

Answer Stats

QuestionAnswer% Correct
Had a relative who also served as U.S. PresidentGeorge W. Bush
88%
Lived in the White HouseGeorge W. Bush
86%
Vice President became president after himGeorge Washington
74%
Went to an Ivy League school.George W. Bush
66%
Fought in a warGeorge Washington
65%
Served two full terms as PresidentBoth
63%
Was a FreemasonGeorge Washington
61%
Made an official trip to CubaNeither
61%
Had biological childrenGeorge W. Bush
60%
Had a net worth of over $10 million adjusted for inflationBoth
54%
Was born outside of the United States/13 coloniesNeither
52%
Had only one Vice PresidentBoth
49%
Had more than seven Supreme Court nominationsGeorge Washington
44%
Was elected from a Southern stateBoth
42%
Was born north of the Mason-Dixon LineGeorge W. Bush
29%

Score Distribution

Percentile by Number Answered

Percent of People with Each Score

Your Score History

You have not taken this quiz since the last reset